000 00558nam a2200193Ia 4500
003 GCL
008 140319s9999 xx 000 0 ara d
040 _aGCL /
_cGCL
082 0 4 _a243
_bا ت
100 1 _aاحمد بن تيميه
245 1 0 _aالتوبة: توبواالى الله توبة نصوحا /
_cاحمد بن تيميه
260 _a[S.N] :
_bمكتبة التراث الاسلامى ،
_c1990
300 _a72 ص
490 _a
650 0 4 _aالاسلام
650 0 4 _aالعبادات
650 0 4 _aالتوبة
942 _2ddc
_cBK
999 _c54153
_d54153